000
00433nam a22001337a 4500
020
_a
9781433820854
082
_a
371.713
100
_a
Dennis J. Simon
245
_a
School-centered interventions
260
_a
Washington
_b
APA
_c
2016
300
_a
317p
942
_c
BK
999
_c
3455
_d
3455